WWE Hall of Famers - Sudden Death - Statistics

General Stats
  • This quiz has been taken 602 times
  • The average score is 4 of 22
Answers on the Grid
Answers color-coded by a green-red scale on the quiz's grid according to % correct below.
The Fabulous Moolah
Billy Gunn
Daniel Bryan
The Grand Wizard
Jimmy "Superfly" Snuka.
Vincent J. McMahon
Vincent K. McMahon
Stone Cold Steve Austin
Junkyard Dog
Jesse Ventura
Roddy Piper
Sherri Martel
Jerry Lawler
Nikki Bella
William Shatner
Titus O'Neil
Sunny
Dwayne "The Rock" Johnson
Lita
Alundra Blayze
Victoria
Judy Grable
Ivory
John "Bradshaw" Layfield
Jimmy Wang Yang
Queen Sharmell
Rey Misterio
Stacy Keibler
Bull Nakano
AJ Lee
AJ Styles
Melina
Shelton Benjamin
The Miz
Maryse
R-Truth
Donald Trump
Paige
Lilian Garcia
Mike Rotunda
 
Answer Stats
Answer % Correct
Stone Cold Steve Austin
32%
Roddy Piper
31%
Jerry Lawler
28%
Donald Trump
27%
Lita
24%
Jimmy "Superfly" Snuka.
21%
John "Bradshaw" Layfield
20%
The Fabulous Moolah
19%
Vincent J. McMahon
19%
Alundra Blayze
17%
Bull Nakano
15%
Junkyard Dog
15%
Jesse Ventura
14%
Stacy Keibler
14%
Sunny
13%
Ivory
11%
Queen Sharmell
11%
Sherri Martel
11%
Warrior Award Titus O'Neil
10%
The Grand Wizard
8%
William Shatner
8%
Judy Grable
2%
No matching quizzes found
Score Distribution
Percent of People with Each Score
Percentile by Number Answered
Your Score History
You have not taken this quiz